Gaming Quiz

Random Gaming or Video Games Quiz
Score 0/6 Timer 00:30
1 Play Today
% Correct
Mario
99.5%
Doctor Ivo Robotnik
67%
Solid Snake
62%
Doctor Neo Cortex
31%
Zangief
27.8%
Heihachi Mishima
16.2%

You're not logged in!

Compare scores with friends on all Sporcle quizzes.
OR
Log In

Sporcle TV

Today on Sporcle TV


Watch our educational content, quiz creation guides, and fun videos on Sporcle TV.

Show Comments

Extras

Top Quizzes Today


Score Distribution

Paid Content

Your Account Isn't Verified!

In order to create a playlist on Sporcle, you need to verify the email address you used during registration. Go to your Sporcle Settings to finish the process.

Report this User

Report this user for behavior that violates our Community Guidelines.

Details: